书目信息 |
| 题名: |
造纸化学品
|
|
| 作者: | 胡惠仁 , 徐立新 , 董荣业 编著 | |
| 分册: | ||
| 出版信息: | 北京 化学工业出版社 2008 |
|
| 页数: | 386页 | |
| 开本: | 24cm | |
| 丛书名: | 新领域精细化工丛书 | |
| 单 册: | ||
| 中图分类: | TS727 | |
| 科图分类: | ||
| 主题词: | 造纸工业--助剂--配方 , 造纸工业--助剂--生产工艺 , 造纸工业 , 助剂 | |
| 电子资源: | ||
| ISBN: | 978-7-122-01972-1 | |
| 000 | 00977oam2 2200313 45 | |
| 005 | 20100303144805.29 | |
| 010 | @a978-7-122-01972-1@dCNY59.00 | |
| 100 | @a20100121d2008 em y0chiy0120 ea | |
| 101 | 0 | @achi |
| 102 | @aCN@b110000 | |
| 105 | @ay z 000yy | |
| 106 | @ar | |
| 200 | 1 | @a造纸化学品@AZao Zhi Hua Xue Pin@f胡惠仁,徐立新,董荣业编著@FHu Hui Ren, Xu Li Xin, Dong Rong Ye Bian Zhu |
| 205 | @a2版 | |
| 210 | @a北京@c化学工业出版社@d2008 | |
| 215 | @a386页@d24cm | |
| 225 | 2 | @a新领域精细化工丛书 |
| 330 | @a本书分四章,包括三部分内容:制浆化学品、抄纸化学品、纸加工化学品。 | |
| 461 | 0 | @12001 @a新领域精细化工丛书 |
| 606 | 0 | @a造纸工业@x助剂@x配方 |
| 606 | 0 | @a造纸工业@x助剂@x生产工艺 |
| 606 | 0 | @a造纸工业 |
| 606 | 0 | @a助剂 |
| 690 | @aTS727@v4 | |
| 701 | 0 | @a胡惠仁@AHu Hui Ren@4编著 |
| 701 | 0 | @a徐立新@AXu Li Xin@4编著 |
| 701 | 0 | @a董荣业@ADong Rong Ye@4编著 |
| 801 | 0 | @aCN@bTANGWEI@c20100303 |
| 905 | @b0584994-98@dTS727@e10=2@f5 | |
| 造纸化学品/胡惠仁,徐立新,董荣业编著.-2版.-北京:化学工业出版社,2008 |
| 386页;24cm.-(新领域精细化工丛书) |
| ISBN 978-7-122-01972-1:CNY59.00 |
| 本书分四章,包括三部分内容:制浆化学品、抄纸化学品、纸加工化学品。 |
| ● |
| 相关链接 |
|
|
|
|
正题名:造纸化学品
索取号:TS727/10=2
 
预约/预借
| 序号 | 登录号 | 条形码 | 馆藏地/架位号 | 状态 | 备注 |
| 1 | 0584994 | 205849947 | 第二样本阅览室/ [索取号:TS727/10=2] | 在馆 | |
| 2 | 0584995 | 205849956 | 第三借阅区/ [索取号:TS727/10=2] | 在馆 | |
| 3 | 0584996 | 205849965 | 第三借阅区/ [索取号:TS727/10=2] | 在馆 | |
| 4 | 0584997 | 205849974 | 第三借阅区/ [索取号:TS727/10=2] | 在馆 | |
| 5 | 0584998 | 205849983 | 第三借阅区/ [索取号:TS727/10=2] | 在馆 |